Normal view
MARC view
- Harter, Stephen P.
Entry Nombre Personal
001 - NUMERO DE CONTROL
- campo de control: 55295
003 - IDENTIFICADOR DE NUMERO DE CONTROL
- campo de control: DLC
005 - FECHA Y HORA DE LA ÜLTIMA TRANSACCIÓN
- campo de control: 20250211092525.0
008 - DATOS DE LONGITUD FIJA
- campo de control de longitud fija: 800613n| acnnnaab| |n aaa
010 ## - NÚMERO DE CONTROL DE LA BIBLIOTECA DEL CONGRESO
- Número de control LC: n 80048923
040 ## - FUENTE DE CATALOGACIÓN
- Agencia original de catalogación: DLC
- Lenguaje de catalogación: spa
- Agencia de transcripción: DLC
- Agencia que lo modifica: DLC
- Agencia que lo modifica: MX-MxUPN
100 10 - ENCABEZAMIENTO - NOMBRE PERSONAL
- Nombre personal: Harter, Stephen P.
670 ## - FUENTE EN LA QUE SE LOCALIZARON DATOS
- Cita de la fuente: Research methods in librarianship, 1980 (a.e.)
- Información localizada: portada (Stephen P. Harter) CIP pub. info. sheet (Dept. of Lib., Media & Info. Studies, U. of S. Fla., Tampa)
670 ## - FUENTE EN LA QUE SE LOCALIZARON DATOS
- Cita de la fuente: nuc83-4741: Fenichel, C. Research report prepared for OCLC ... 1981
- Información localizada: (hdg. on InU rept.: Harter, Stephen Paul; usage: Stephen Paul Harter)
670 ## - FUENTE EN LA QUE SE LOCALIZARON DATOS
- Cita de la fuente: Métodos de investigación en bibliotecología, 1990 :
- Información localizada: portada (Stephen P. Harter)
902 ## - CATALOGADOR
- Catalogador: VíctorGodínez/110225
